000 00298nam a2200133Ia 4500
008 230917s9999||||xx |||||||||||||| ||und||
020 _cRS6.5
040 _e193796
_aMAIN
041 _aEnglish
082 _a891.4393 K143B
100 _aKapoor, Kanhaiya Lal
245 0 _aBal Vapra
942 _cBK
999 _c196059
_d196059